000 00482cam a2200157 4500500
005 20251012032528.0
041 _afre
042 _adc
100 1 0 _aLispector, Clarice
_eauthor
700 1 0 _a Le Moing, Monique
_eauthor
245 0 0 _aNão te amo mais/Je ne t’aime plus
260 _c2003.
500 _a18
786 0 _nSigila | 12 | 2 | 2003-12-20 | p. 114-115 | 1286-1715
856 4 1 _uhttps://shs.cairn.info/revue-sigila-2003-2-page-114?lang=fr&redirect-ssocas=7080
999 _c1547546
_d1547546